00907cam a2200253 a 45000010005000000030006000050050017000110080041000280100017000690200018000860400023001040500021001270820014001481000024001622450038001862600035002243000046002594900039003055050007003445200228003515210018005795210018005976500038006151814FISKH20231005120706.0090220s2010 nyua j b 001 0 eng  a 2009007323 a9780531213490 aDLCcDLCdDLCbeng00aJF801b.F35 201000a323.62221 aFalk, Laine,d1974-10aWe are citizens /cby Laine Falk. aNew York :bScholastic,c2010. a24 pages :bcolor illustrations ;c21 cm.0 aScholastic news nonfiction readers aI  aWhat does it take to be a good citizen? Find out in this appealing new series about the importance of working together, taking turns, respecting differences, and getting along in the classroom, the community, and the world!8 a450 bLexile 8 aI bRaz-Plus  0aCitizenshipvJuvenile literature.